000 00342nam a2200145Ia 4500
008 150201s2006 xx 000 0 und d
082 _a612.8
_bN2004S
100 _aSUSAN,EDWARD
245 _aNEUROLOGICAL PHYSIOTHERAPY
250 _a1ST
260 _bELSEVIER
_aDELHI
_c2006
300 _a1-291
650 _aPHYSIOTHERAPY
942 _2ddc
_cBK
999 _c4302
_d4302